[Event "4NCL 3 North pool D"]
[Site "Wakefield, ENG"]
[Date "2016.03.20"]
[Round "8.108"]
[White "Potter, Steven"]
[Black "Braham, Peter"]
[Result "1-0"]
[WhiteElo "1915"]
[BlackElo "1672"]
[PlyCount "57"]
[EventDate "2016.03.20"]
[WhiteTeam "Manchester Manticores 3"]
[BlackTeam "Bradford DCA Knights C"]

1. d4 f5 2. Bg5 g6 3. Nc3 Bg7 4. e4 fxe4 5. Nxe4 d5 6. Nc5 b6 7. Nb3 Nf6 8. Nf3
O-O 9. Bxf6 exf6 10. Be2 c5 11. dxc5 bxc5 12. O-O Qd6 13. Re1 Nc6 14. c3 a5 15.
a4 Ba6 16. Bxa6 Rxa6 17. Qe2 Ne5 18. Nxc5 Rb6 19. b4 axb4 20. a5 Rbb8 21. Na6
Nxf3+ 22. gxf3 Rbe8 23. Qxe8 Rxe8 24. Rxe8+ Kf7 25. Nxb4 Kxe8 26. a6 Qb8 27. a7
Qa8 28. Nxd5 Kf7 29. Nc7 1-0

[Event "4NCL 3 North pool D"]
[Site "Wakefield, ENG"]
[Date "2016.03.20"]
[Round "8.109"]
[White "Hubbort, Daniel"]
[Black "Lonsdale, Jon I"]
[Result "0-1"]
[WhiteElo "1742"]
[BlackElo "1892"]
[PlyCount "68"]
[EventDate "2016.03.20"]
[WhiteTeam "Bradford DCA Knights C"]
[BlackTeam "Manchester Manticores 3"]

1. e4 c5 2. Nc3 Nc6 3. f4 e6 4. Nf3 d5 5. exd5 exd5 6. Bb5 Nge7 7. O-O a6 8.
Bxc6+ Nxc6 9. Qe1+ Be7 10. d3 O-O 11. a3 Re8 12. Qf2 Bf5 13. h3 d4 14. Ne2 Bd6
15. g4 Be6 16. Ng3 Bd5 17. Nf5 Bf8 18. N5h4 Qd7 19. f5 Bd6 20. Bd2 Qc7 21. Be1
Re3 22. Bd2 Bg3 23. Bxe3 Bxf2+ 24. Bxf2 Re8 25. Rae1 Rxe1 26. Rxe1 f6 27. Re8+
Kf7 28. Rh8 Qf4 29. Kg2 Ne5 30. Bg3 Bxf3+ 31. Nxf3 Qxf3+ 32. Kh2 Qe2+ 33. Kg1
Nf3+ 34. Kh1 Qf1# 0-1

[Event "4NCL 3 North pool D"]
[Site "Wakefield, ENG"]
[Date "2016.03.20"]
[Round "8.110"]
[White "Livesey, R Nigel"]
[Black "Grobler, David"]
[Result "0-1"]
[WhiteElo "1825"]
[BlackElo "1667"]
[PlyCount "70"]
[EventDate "2016.03.20"]
[WhiteTeam "Manchester Manticores 3"]
[BlackTeam "Bradford DCA Knights C"]

1. b4 c6 2. Bb2 a5 3. a3 axb4 4. axb4 Rxa1 5. Bxa1 Qb6 6. c3 Nf6 7. Nf3 d5 8.
e3 Bg4 9. Be2 Nbd7 10. d4 e6 11. Qa4 Bd6 12. Nbd2 O-O 13. O-O Ne4 14. Bd3 Ndf6
15. Rb1 Qc7 16. h3 Bf5 17. Bc2 b5 18. Qb3 Ra8 19. Bb2 h6 20. Ra1 Rxa1+ 21. Bxa1
Qa7 22. Bb2 Kf8 23. Nxe4 Nxe4 24. Kf1 g5 25. Ke1 Ke7 26. Ng1 h5 27. Ne2 g4 28.
hxg4 hxg4 29. Nf4 Qb8 30. Bxe4 Bxe4 31. g3 Qh8 32. Qa3 Bxf4 33. exf4 Qh1+ 34.
Ke2 Qf3+ 35. Kd2 Qxf2+ 0-1

[Event "4NCL 3 North pool D"]
[Site "Wakefield, ENG"]
[Date "2016.03.20"]
[Round "8.115"]
[White "Allen, Keith"]
[Black "Turner, John M"]
[Result "1/2-1/2"]
[WhiteElo "2234"]
[BlackElo "2030"]
[PlyCount "65"]
[EventDate "2016.03.20"]
[WhiteTeam "Manx Ravens"]
[BlackTeam "Holmes Chapel"]

1. d4 d5 2. c4 dxc4 3. Nf3 Nf6 4. e3 Bg4 5. h3 Bh5 6. Bxc4 e6 7. Nbd2 Nc6 8.
Bb5 Bd6 9. Qa4 Bxf3 10. Nxf3 Qd7 11. Bd2 Nd5 12. Rc1 Nb6 13. Qc2 h6 14. O-O a6
15. Bxc6 Qxc6 16. Qxc6+ bxc6 17. Rxc6 Kd7 18. Rfc1 a5 19. a3 Rhb8 20. e4 Ra7
21. g4 Na4 22. b4 axb4 23. axb4 Nb2 24. d5 Nd3 25. R1c4 exd5 26. exd5 Nxb4 27.
Rxd6+ Kxd6 28. Bxb4+ Kxd5 29. Rd4+ Ke6 30. Re4+ Kd5 31. Rd4+ Ke6 32. Bd2 c5 33.
Re4+ 1/2-1/2

[Event "4NCL 3 North pool D"]
[Site "Wakefield, ENG"]
[Date "2016.03.20"]
[Round "8.116"]
[White "Doran, Chris"]
[Black "Ottosen, David"]
[Result "1-0"]
[WhiteElo "1982"]
[BlackElo "2114"]
[PlyCount "49"]
[EventDate "2016.03.20"]
[WhiteTeam "Holmes Chapel"]
[BlackTeam "Manx Ravens"]

1. e4 e6 2. d4 d5 3. Nd2 h6 4. Bd3 c5 5. c3 cxd4 6. cxd4 dxe4 7. Nxe4 Nf6 8.
Nf3 Nbd7 9. Nxf6+ Nxf6 10. O-O Bd7 11. Ne5 Qb6 12. Be3 Nd5 13. Qf3 Nf6 14. d5
Qc7 15. Nxd7 Nxd7 16. dxe6 Ne5 17. exf7+ Kd8 18. Qe4 Bd6 19. Rac1 Qxf7 20. Bc5
Bxc5 21. Rxc5 Nc6 22. Re1 Qf6 23. Bb5 Kc7 24. Bxc6 bxc6 25. Rec1 1-0

[Event "4NCL 3 North pool D"]
[Site "Wakefield, ENG"]
[Date "2016.03.20"]
[Round "8.117"]
[White "Fabri, Henrik"]
[Black "Bennett, Patrick"]
[Result "1-0"]
[WhiteElo "1991"]
[BlackElo "2023"]
[PlyCount "113"]
[EventDate "2016.03.20"]
[WhiteTeam "Manx Ravens"]
[BlackTeam "Holmes Chapel"]

1. d4 d5 2. c4 e6 3. Nc3 Nf6 4. Bg5 Be7 5. cxd5 exd5 6. e3 Nbd7 7. Qc2 h6 8.
Bh4 O-O 9. Be2 c6 10. Nf3 b6 11. O-O Bb7 12. Rac1 Re8 13. Rfd1 Qb8 14. Bd3 Bd6
15. Qb1 g5 16. Bg3 Bxg3 17. hxg3 Qd6 18. b4 Re7 19. Bf5 Rae8 20. a3 Kg7 21. Qb2
Kg8 22. Qc2 Kg7 23. Rb1 Ne4 24. Nxe4 dxe4 25. Bxd7 Qxd7 26. Ne5 Qd5 27. Rdc1
Rc7 28. Qc4 c5 29. bxc5 bxc5 30. Rb5 f6 31. Qxd5 Bxd5 32. Rbxc5 Rxc5 33. Rxc5
fxe5 34. Rxd5 exd4 35. Rxd4 Re7 36. g4 Kf6 37. Rd6+ Kg7 38. Ra6 Kh7 39. Ra4 Kg6
40. Kf1 Kf6 41. Ra6+ Ke5 42. Rxh6 Rb7 43. Kg1 Kd5 44. Rg6 Kc4 45. Rxg5 Kd3 46.
Kh2 Ke2 47. Kg3 Kf1 48. Rf5 Kg1 49. Rc5 Rb1 50. g5 Rf1 51. Rc2 Kh1 52. g6 Rg1
53. f3 exf3 54. Kxf3 a5 55. g7 Rxg2 56. Rxg2 a4 57. Re2 1-0

[Event "4NCL 3 North pool D"]
[Site "Wakefield, ENG"]
[Date "2016.03.20"]
[Round "8.118"]
[White "Scattergood, Ben"]
[Black "Miah, Zahed"]
[Result "0-1"]
[WhiteElo "1946"]
[BlackElo "1787"]
[PlyCount "40"]
[EventDate "2016.03.20"]
[WhiteTeam "Holmes Chapel"]
[BlackTeam "Manx Ravens"]

1. e4 e5 2. Nf3 Nc6 3. Bc4 Bc5 4. d3 h6 5. c3 d6 6. O-O Bg4 7. b4 Bb6 8. Qb3
Qf6 9. Be3 Bxf3 10. gxf3 Nge7 11. a4 O-O 12. a5 Bxe3 13. fxe3 Ng6 14. f4 exf4
15. exf4 Nxf4 16. d4 Qg6+ 17. Kf2 Qxe4 18. Ra2 Rae8 19. Kg3 Qe3+ 20. Rf3 Qg1+
0-1

[Event "4NCL 3 North pool D"]
[Site "Wakefield, ENG"]
[Date "2016.03.20"]
[Round "8.119"]
[White "Bibby, Liam"]
[Black "Laurence, Geoff"]
[Result "0-1"]
[WhiteElo "1682"]
[BlackElo "2007"]
[PlyCount "64"]
[EventDate "2016.03.20"]
[WhiteTeam "Manx Ravens"]
[BlackTeam "Holmes Chapel"]

1. d4 d5 2. c4 Nc6 3. Nf3 Bg4 4. e3 e6 5. Be2 Nf6 6. O-O Be7 7. Nc3 O-O 8. Bd2
a6 9. b3 h6 10. a3 Re8 11. c5 Bf8 12. b4 Bxf3 13. Bxf3 e5 14. Qb3 e4 15. Be2
Ne7 16. b5 axb5 17. Qxb5 b6 18. cxb6 cxb6 19. Rfc1 Nc8 20. Na4 Re6 21. Rc3 Na7
22. Qb2 Nc8 23. Bd1 g6 24. Rac1 Kg7 25. Qb3 Na7 26. Rc7 b5 27. Ba5 bxa4 28. Qb7
Kg8 29. Bb6 Nb5 30. R1c6 Rb8 31. Qxb8 Qxb8 32. Rc8 Qxc8 0-1

[Event "4NCL 3 North pool D"]
[Site "Wakefield, ENG"]
[Date "2016.03.20"]
[Round "8.120"]
[White "Roberts, Malcolm A"]
[Black "Griffin, John"]
[Result "0-1"]
[WhiteElo "1728"]
[BlackElo "1600"]
[PlyCount "98"]
[EventDate "2016.03.20"]
[WhiteTeam "Holmes Chapel"]
[BlackTeam "Manx Ravens"]

1. e4 e6 2. d4 d5 3. exd5 exd5 4. Nf3 Bg4 5. Be2 Nd7 6. Bf4 Ngf6 7. Ne5 Bxe2 8.
Qxe2 Be7 9. O-O c6 10. Re1 g6 11. Bh6 Ng8 12. Bg7 f6 13. Bxh8 fxe5 14. Bxe5 Qb6
15. b3 O-O-O 16. Nc3 Re8 17. Na4 Qa5 18. a3 Bf6 19. Qg4 Nh6 20. Qh3 Nf5 21. c3
Nxe5 22. dxe5 Bxe5 23. Kh1 Kd8 24. Rad1 h5 25. Qd3 b5 26. Nc5 Qxc3 27. Nb7+ Kd7
28. Qxc3 Bxc3 29. Rxe8 Kxe8 30. Rc1 d4 31. Kg1 Ne7 32. Nd6+ Kd7 33. Ne4 Bb2 34.
Rd1 Nf5 35. a4 bxa4 36. bxa4 Ke6 37. f3 Ne3 38. Rb1 Ba3 39. Kf2 c5 40. Rb3 Bb4
41. g3 a5 42. Ke2 c4 43. Rb1 c3 44. Nxc3 Bxc3 45. Rb6+ Kf7 46. h3 Nc4 47. Rb3
Nb2 48. Ra3 d3+ 49. Ke3 d2 0-1

[Event "4NCL 3 North pool D"]
[Site "Wakefield, ENG"]
[Date "2016.03.20"]
[Round "8.125"]
[White "Bak, Andrew"]
[Black "Carpenter, Martin"]
[Result "1/2-1/2"]
[WhiteElo "2010"]
[BlackElo "2076"]
[PlyCount "94"]
[EventDate "2016.03.20"]
[WhiteTeam "Bradford DCA Knights B"]
[BlackTeam "Jorvik"]

1. d4 e6 2. Nf3 c5 3. e4 cxd4 4. Nxd4 Nc6 5. c4 Bb4+ 6. Bd2 Be7 7. Bc3 Nf6 8.
Bd3 d6 9. O-O O-O 10. Kh1 Ne5 11. f4 Nxd3 12. Qxd3 e5 13. Ne2 Qc7 14. Nd2 a6
15. Rac1 b6 16. fxe5 dxe5 17. Qg3 Nd7 18. Nd4 Kh8 19. Nf5 Bf6 20. b4 Bb7 21.
Qe3 g6 22. Nh6 Qd8 23. Nf3 Qe7 24. c5 bxc5 25. bxc5 Rac8 26. Bb4 Bc6 27. Nd2
Rb8 28. a3 Kg7 29. Ng4 Bg5 30. Qc3 f5 31. exf5 gxf5 32. Ne3 f4 33. Nec4 Qe6 34.
Rce1 Qd5 35. Nf3 Bf6 36. Rd1 Qe4 37. Rfe1 Qf5 38. Rd6 Rbc8 39. Na5 Be4 40.
Rxd7+ Qxd7 41. Rxe4 Qd5 42. Qe1 Rfe8 43. Nc4 Rc6 44. Rxf4 exf4 45. Qxe8 Re6 46.
Qa4 Qxc4 47. Qd1 Qe2 1/2-1/2

[Event "4NCL 3 North pool D"]
[Site "Wakefield, ENG"]
[Date "2016.03.20"]
[Round "8.126"]
[White "White, Mark W"]
[Black "Slinger, Tony J"]
[Result "1/2-1/2"]
[WhiteElo "2080"]
[BlackElo "1926"]
[PlyCount "59"]
[EventDate "2016.03.20"]
[WhiteTeam "Jorvik"]
[BlackTeam "Bradford DCA Knights B"]

1. e4 e5 2. Bb5 c6 3. Ba4 d5 4. Qe2 Nf6 5. exd5 Qxd5 6. Nf3 Bd6 7. Nc3 Qa5 8.
h3 O-O 9. Bb3 Bf5 10. Nh4 Bg6 11. Nxg6 hxg6 12. Ne4 Be7 13. O-O Nbd7 14. Nxf6+
Bxf6 15. d3 Nc5 16. Bd2 Qc7 17. Bc3 Rfe8 18. Qg4 a5 19. Qc4 b6 20. a4 Nxb3 21.
Qxb3 e4 22. Bxf6 gxf6 23. Rfe1 exd3 24. Qxd3 Rad8 25. Rxe8+ Rxe8 26. Rd1 Kg7
27. g3 Re5 28. Qc4 Rc5 29. Qe4 Qe5 30. Qxe5 1/2-1/2

[Event "4NCL 3 North pool D"]
[Site "Wakefield, ENG"]
[Date "2016.03.20"]
[Round "8.127"]
[White "Gardiner, Eric D"]
[Black "Mounce, Richard B"]
[Result "0-1"]
[WhiteElo "1941"]
[BlackElo "1979"]
[PlyCount "78"]
[EventDate "2016.03.20"]
[WhiteTeam "Bradford DCA Knights B"]
[BlackTeam "Jorvik"]

1. d4 Nf6 2. Bg5 c5 3. d5 Ne4 4. Bf4 Qb6 5. Bc1 c4 6. e3 g6 7. c3 Qc5 8. f3 Nf6
9. e4 b5 10. a4 b4 11. cxb4 Qxb4+ 12. Nc3 d6 13. Qd4 Bg7 14. Qxc4 Qb7 15. Qb5+
Qd7 16. Be3 O-O 17. Nge2 Qc7 18. Nd4 Ba6 19. Qb3 Bxf1 20. Kxf1 Nfd7 21. Rc1 Nc5
22. Qd1 Qb6 23. Qe2 a6 24. Ra1 Rc8 25. Kf2 Qb4 26. Rhd1 Bxd4 27. Rxd4 Qb7 28.
Rc4 Nbd7 29. Bxc5 Nxc5 30. Rd1 Qb3 31. Rcd4 Rab8 32. R1d2 Qb6 33. a5 Qa7 34.
Kf1 Nb3 35. Qe3 Nxd4 36. Rxd4 Rxb2 37. Na4 Qxd4 38. Qxd4 Rc1+ 39. Qd1 Rxd1# 0-1

[Event "4NCL 3 North pool D"]
[Site "Wakefield, ENG"]
[Date "2016.03.20"]
[Round "8.128"]
[White "Flint, Martina"]
[Black "Barker, Arron"]
[Result "1-0"]
[WhiteElo "1845"]
[BlackElo "1870"]
[PlyCount "43"]
[EventDate "2016.03.20"]
[WhiteTeam "Jorvik"]
[BlackTeam "Bradford DCA Knights B"]

1. f4 h5 2. d3 d5 3. c3 Nc6 4. Nf3 h4 5. Qa4 e6 6. Na3 Bd7 7. Qc2 Bxa3 8. bxa3
Qe7 9. Rb1 b6 10. e4 dxe4 11. dxe4 O-O-O 12. Ba6+ Kb8 13. O-O g6 14. c4 Bc8 15.
Bb5 Bb7 16. c5 Rc8 17. Bxc6 Bxc6 18. Ne5 Be8 19. Be3 f6 20. Nc4 b5 21. c6 Rh5
22. Qa4 1-0

[Event "4NCL 3 North pool D"]
[Site "Wakefield, ENG"]
[Date "2016.03.20"]
[Round "8.129"]
[White "Johnson, Paul A"]
[Black "Anderson, Paul W"]
[Result "1-0"]
[WhiteElo "1872"]
[BlackElo "1774"]
[PlyCount "69"]
[EventDate "2016.03.20"]
[WhiteTeam "Bradford DCA Knights B"]
[BlackTeam "Jorvik"]

1. d4 d5 2. e3 Nf6 3. Bd3 Nc6 4. Nf3 Bg4 5. Nbd2 e5 6. dxe5 Nxe5 7. Be2 Nxf3+
8. Nxf3 c6 9. O-O Bd6 10. b3 Qc7 11. h3 Bxf3 12. Bxf3 Bh2+ 13. Kh1 Be5 14. Rb1
O-O 15. Bb2 Bxb2 16. Rxb2 Qe5 17. Qc1 Rfe8 18. c3 Ne4 19. Bxe4 Qxe4 20. Rd2 Qf5
21. Rd4 Re4 22. Rxe4 Qxe4 23. Rd1 Qf5 24. Rd2 Re8 25. Qa3 a6 26. Qc5 h6 27. c4
Qb1+ 28. Kh2 Qc1 29. Qd4 c5 30. Qxd5 b5 31. Qd7 Kf8 32. cxb5 axb5 33. Rd5 Qb2
34. Rxc5 Qxf2 35. Rf5 1-0

[Event "4NCL 3 North pool D"]
[Site "Wakefield, ENG"]
[Date "2016.03.20"]
[Round "8.130"]
[White "Andrews, Norman G"]
[Black "Bramson, Mike"]
[Result "0-1"]
[WhiteElo "1559"]
[BlackElo "1860"]
[PlyCount "124"]
[EventDate "2016.03.20"]
[WhiteTeam "Jorvik"]
[BlackTeam "Bradford DCA Knights B"]

1. d4 d5 2. c4 e6 3. Nc3 c6 4. Nf3 Nf6 5. Bg5 Nbd7 6. e3 Be7 7. Bd3 O-O 8. O-O
dxc4 9. Bxc4 Nd5 10. Bxe7 Qxe7 11. Nxd5 exd5 12. Bd3 Re8 13. Qc2 Nf8 14. Rac1
Bg4 15. Nd2 Rad8 16. Nb3 Rd6 17. Be2 Qg5 18. Bxg4 Qxg4 19. Qd1 Qh4 20. Qf3 Rf6
21. Qg3 Qh5 22. Nd2 Ne6 23. f4 Nf8 24. Rf3 Qf5 25. Qf2 Rfe6 26. Nf1 Rh6 27. Ng3
Qd7 28. f5 Qd6 29. Re1 Nd7 30. h3 Nf6 31. Rf4 Ne4 32. Nxe4 Rxe4 33. Rxe4 dxe4
34. Qf4 Qxf4 35. exf4 Rd6 36. Rxe4 Kf8 37. Kf2 Rd5 38. g4 Ra5 39. a3 Rb5 40.
Re2 Rb3 41. h4 Rd3 42. h5 Rxd4 43. Ke3 Rd5 44. Rc2 Ke7 45. Rc4 Kf6 46. Rb4 b6
47. Ra4 a5 48. Rc4 c5 49. a4 Rd1 50. Rc3 Ke7 51. Rd3 Rg1 52. Kf3 Rh1 53. Ke4
Ra1 54. b3 c4 55. Rc3 cxb3 56. Rxb3 Rxa4+ 57. Ke3 Rb4 58. Rxb4 axb4 59. Kd2 h6
60. Kc2 Kd6 61. Kb3 Kd5 62. g5 f6 0-1

[Event "4NCL 3 South pool A"]
[Site "Telford, ENG ENG"]
[Date "2015.11.15"]
[Round "2.55"]
[White "Hall, John"]
[Black "Kirby, Peter J"]
[Result "1/2-1/2"]
[WhiteElo "2186"]
[BlackElo "1995"]
[PlyCount "41"]
[EventDate "2015.11.15"]

1. e4 c5 2. Nf3 e6 3. d4 cxd4 4. Nxd4 Nc6 5. Nc3 Qc7 6. Be2 a6 7. Be3 Nf6 8.
O-O Bb4 9. Na4 Be7 10. Nxc6 bxc6 11. Nb6 Rb8 12. Nxc8 Qxc8 13. Bd4 c5 14. Be5
Rb6 15. Qd3 d6 16. Bc3 O-O 17. Bf3 Nd7 18. Be2 Bf6 19. Bxf6 Nxf6 20. b3 Qc6 21.
Bf3 1/2-1/2

[Event "4NCL 3 South pool A"]
[Site "Telford, ENG ENG"]
[Date "2015.11.15"]
[Round "2.56"]
[White "Brown, Thomas"]
[Black "Mossong, Hubert"]
[Result "1-0"]
[WhiteElo "2056"]
[BlackElo "2051"]
[PlyCount "75"]
[EventDate "2015.11.15"]

1. d4 d6 2. c4 e5 3. Nc3 c6 4. Nf3 Qc7 5. Qc2 Bg4 6. e3 Nf6 7. Bd3 Be7 8. Ng5
h6 9. Nge4 Nbd7 10. Ng3 a6 11. Bd2 O-O 12. O-O b5 13. cxb5 cxb5 14. Rac1 Rfc8
15. Qb3 Qb6 16. Nge2 Be6 17. Qd1 Qb7 18. b3 Nb6 19. Ng3 b4 20. Nce2 a5 21. e4
d5 22. Rxc8+ Rxc8 23. dxe5 Nxe4 24. Nd4 Nxd2 25. Qxd2 Nd7 26. Qe2 Qc7 27. Nxe6
fxe6 28. f4 Nf8 29. Kh1 Bh4 30. Nh5 Qf7 31. Qg4 Be7 32. f5 Bg5 33. h4 Rc3 34.
fxe6 Qe8 35. hxg5 Rxd3 36. gxh6 Ng6 37. Rf7 Qd8 38. Nf6+ 1-0

[Event "4NCL 3 South pool A"]
[Site "Telford, ENG ENG"]
[Date "2015.11.15"]
[Round "2.57"]
[White "Deighton, Simon"]
[Black "Hewitt, William"]
[Result "1/2-1/2"]
[WhiteElo "2020"]
[BlackElo "2054"]
[PlyCount "31"]
[EventDate "2015.11.15"]

1. d4 Nf6 2. c4 g6 3. Nc3 d5 4. cxd5 Nxd5 5. Bd2 Nb6 6. Bf4 Bg7 7. Nf3 O-O 8.
e3 c5 9. dxc5 N6d7 10. Bxb8 Rxb8 11. Be2 Nxc5 12. O-O Bxc3 13. bxc3 Qxd1 14.
Rfxd1 Bd7 15. Ne5 Bc6 16. Rd4 1/2-1/2

[Event "4NCL 3 South pool A"]
[Site "Telford, ENG ENG"]
[Date "2015.11.15"]
[Round "2.58"]
[White "Van Kemenade, Rudy"]
[Black "Wojciechowski, Paul"]
[Result "1/2-1/2"]
[WhiteElo "1942"]
[BlackElo "2011"]
[PlyCount "63"]
[EventDate "2015.11.15"]

1. e4 c5 2. Nf3 d6 3. Bb5+ Bd7 4. Bxd7+ Qxd7 5. O-O Nc6 6. c3 g6 7. d4 cxd4 8.
cxd4 Bg7 9. Nc3 Nf6 10. d5 Ne5 11. Nxe5 dxe5 12. f3 O-O 13. a4 Rfd8 14. Qb3 Ne8
15. Be3 Nd6 16. a5 Rdc8 17. Ra4 Rc7 18. Rb4 h5 19. Rc1 Kh7 20. Nb5 Rxc1+ 21.
Bxc1 Nxb5 22. Rxb5 Qc7 23. Bd2 Rb8 24. Be3 Bh6 25. Rc5 Qd6 26. Qc3 Bxe3+ 27.
Qxe3 b6 28. Rc6 Qb4 29. axb6 Rxb6 30. Rxb6 axb6 31. Qc3 Qd6 32. Qc6 1/2-1/2

[Event "4NCL 3 South pool A"]
[Site "Telford, ENG ENG"]
[Date "2015.11.15"]
[Round "2.59"]
[White "Birkin, Mark H"]
[Black "Hatchett, Paul"]
[Result "0-1"]
[WhiteElo "2050"]
[BlackElo "1982"]
[PlyCount "90"]
[EventDate "2015.11.15"]

1. e4 Nf6 2. e5 Nd5 3. d4 Nb6 4. c4 d6 5. exd6 exd6 6. Nc3 Be7 7. Bd3 Nc6 8.
Be3 O-O 9. Nge2 Nb4 10. O-O Nxd3 11. Qxd3 d5 12. c5 Nc4 13. Bc1 c6 14. b3 Na5
15. b4 Nc4 16. Bf4 f5 17. Rfe1 g5 18. Qg3 Kh8 19. Bc7 f4 20. Bxd8 fxg3 21. Bxe7
gxf2+ 22. Kh1 fxe1=Q+ 23. Rxe1 Rf7 24. Bxg5 Bd7 25. Ng3 Re8 26. Rc1 Kg7 27.
Nge2 Bg4 28. Ng1 h6 29. Bh4 Ref8 30. h3 Bh5 31. g4 Bg6 32. Nce2 Be4+ 33. Kh2
Ne3 34. Bg3 Nf1+ 35. Rxf1 Rxf1 36. Be5+ Kh7 37. Bg3 Rb1 38. Bf4 Rxb4 39. Kg3
Rb2 40. Be5 Rxa2 41. Nf4 Rxf4 42. Kxf4 a5 43. h4 a4 44. g5 a3 45. Nh3 Rh2 0-1

[Event "4NCL 3 South pool A"]
[Site "Telford, ENG ENG"]
[Date "2015.11.15"]
[Round "2.60"]
[White "Doklestic, Igor"]
[Black "Bourne, Iain"]
[Result "1-0"]
[WhiteElo "1952"]
[BlackElo "1997"]
[PlyCount "73"]
[EventDate "2015.11.15"]

1. e4 c5 2. Nc3 g6 3. g3 Bg7 4. Bg2 Nc6 5. d3 Rb8 6. Be3 d6 7. a4 a6 8. h3 b5
9. axb5 axb5 10. Qd2 b4 11. Nd1 e6 12. f4 Nge7 13. Nf3 Nd4 14. O-O b3 15. c3
Nc2 16. Rc1 Nxe3 17. Nxe3 O-O 18. d4 cxd4 19. Nxd4 f5 20. exf5 gxf5 21. Kh2 e5
22. Ne2 Ba6 23. Nd5 Kh8 24. Rcd1 Nxd5 25. Bxd5 Qf6 26. Rf2 Bxe2 27. Qxe2 Rb6
28. Ra1 Rfb8 29. Ra7 Rf8 30. Qc4 Qd8 31. Rf1 Bh6 32. Rfa1 exf4 33. gxf4 Qf6 34.
Re1 Qh4 35. Qd4+ Rf6 36. Re8+ Bf8 37. Rxf8# 1-0

[Event "4NCL 3 South pool A"]
[Site "Telford, ENG ENG"]
[Date "2015.11.15"]
[Round "2.65"]
[White "Cooper, Lawrence H"]
[Black "Moore, Graham J"]
[Result "1-0"]
[WhiteElo "2345"]
[BlackElo "2200"]
[PlyCount "65"]
[EventDate "2015.11.15"]

1. e4 e6 2. d4 d5 3. Nd2 Nf6 4. e5 Nfd7 5. f4 c5 6. c3 Nc6 7. Ndf3 Qb6 8. h4
cxd4 9. cxd4 Be7 10. g3 f6 11. Bh3 O-O 12. Bxe6+ Kh8 13. exf6 Nxf6 14. Bxc8
Bb4+ 15. Kf1 Raxc8 16. Kg2 Rce8 17. Ne2 Ng4 18. Rf1 Re4 19. Ng5 Re7 20. Qd3 g6
21. Nc3 Bxc3 22. bxc3 Rfe8 23. Kh3 Nf6 24. f5 h6 25. fxg6 hxg5 26. Rxf6 g4+ 27.
Kxg4 Re4+ 28. Kh3 Qd8 29. Qf3 Qd7+ 30. Qf5 Qxf5+ 31. Rxf5 Ne7 32. Rf7 Nxg6 33.
Bg5 1-0

[Event "4NCL 3 South pool A"]
[Site "Telford, ENG ENG"]
[Date "2015.11.15"]
[Round "2.66"]
[White "Gregory, Stephen J"]
[Black "Manelidou, Maria"]
[Result "1/2-1/2"]
[WhiteElo "2125"]
[BlackElo "2081"]
[PlyCount "113"]
[EventDate "2015.11.15"]

1. e4 e5 2. Bc4 Nf6 3. Qe2 Bc5 4. Nf3 O-O 5. d3 Re8 6. c3 c6 7. Bg5 h6 8. Bh4
Bf8 9. Nbd2 d5 10. Bb3 Be6 11. h3 Nbd7 12. g4 g5 13. Bg3 a5 14. Nxe5 dxe4 15.
dxe4 Nxe5 16. Bxe5 Nxg4 17. hxg4 Bxb3 18. f4 Be6 19. fxg5 Qxg5 20. Nf3 Qg6 21.
O-O-O Bxa2 22. Rh5 f6 23. Nh4 Qh7 24. Bxf6 Rxe4 25. Qc2 Rxg4 26. Qxh7+ Kxh7 27.
Rd7+ Kg8 28. Nf5 Rg6 29. Bd4 b5 30. Ne7+ Bxe7 31. Rxe7 Bb3 32. Kd2 Rd8 33. Ke3
Rd5 34. Rh4 Rdd6 35. Rhe4 Rde6 36. Ra7 a4 37. Ra8+ Kf7 38. Ra7+ Ke8 39. Kf4
Rxe4+ 40. Kxe4 h5 41. Kf5 Bc2+ 42. Ke5 h4 43. Ra8+ Kf7 44. Rh8 Re6+ 45. Kf4 Re1
46. Rxh4 Re4+ 47. Kg5 Rxh4 48. Kxh4 Ke6 49. Kg5 Kd5 50. Kf6 Kc4 51. Ke5 c5 52.
Be3 Kb3 53. Kd5 Bd3 54. c4 bxc4 55. Kxc5 c3 56. bxc3 a3 57. c4 1/2-1/2

[Event "4NCL 3 South pool A"]
[Site "Telford, ENG ENG"]
[Date "2015.11.15"]
[Round "2.68"]
[White "Gallagher, Daniel GH"]
[Black "Munshi, Aditya"]
[Result "1/2-1/2"]
[WhiteElo "2035"]
[BlackElo "1937"]
[PlyCount "107"]
[EventDate "2015.11.15"]

1. c4 e5 2. Nc3 Nc6 3. g3 f5 4. Bg2 Nf6 5. e3 d5 6. cxd5 Nb4 7. d3 Nbxd5 8.
Nxd5 Nxd5 9. Ne2 Be6 10. O-O c6 11. f4 exf4 12. Nd4 Qd7 13. Nxe6 Qxe6 14. gxf4
O-O-O 15. e4 fxe4 16. f5 Qf6 17. Bxe4 Bc5+ 18. Kh1 Qe5 19. Bg5 Rd7 20. Qe2 Re8
21. Bh4 a6 22. Bg3 Qf6 23. Rac1 Bd4 24. Qh5 Ree7 25. Bh4 Qe5 26. Bxe7 Rxe7 27.
Qf3 Nf6 28. Bxc6 bxc6 29. Qxc6+ Rc7 30. Qxa6+ Kd8 31. Qa8+ Kd7 32. Rxc7+ Qxc7
33. Qa4+ Qc6+ 34. Qxc6+ Kxc6 35. b3 Kd6 36. Kg2 Nd5 37. Kf3 Ke5 38. Ke2 Nc3+
39. Kd2 Nxa2 40. Re1+ Kxf5 41. Re4 Be5 42. Ra4 Bxh2 43. Rxa2 g5 44. Ke3 Bf4+
45. Kf3 g4+ 46. Kg2 h5 47. Ra5+ Kg6 48. b4 h4 49. b5 h3+ 50. Kg1 g3 51. Ra1
Be3+ 52. Kh1 Kg5 53. Re1 Kf4 54. Rb1 1/2-1/2

[Event "4NCL 3 South pool A"]
[Site "Telford, ENG ENG"]
[Date "2015.11.15"]
[Round "2.69"]
[White "Holton, Jake"]
[Black "Moore, Geoffrey R"]
[Result "0-1"]
[WhiteElo "1702"]
[BlackElo "2012"]
[PlyCount "76"]
[EventDate "2015.11.15"]

1. d4 Nf6 2. c4 g6 3. Nc3 Bg7 4. Nf3 O-O 5. g3 d6 6. Bg2 Nc6 7. O-O a6 8. Qd3
Bd7 9. e4 e6 10. h3 Rb8 11. Bg5 h6 12. Be3 Kh7 13. Rfd1 Qc8 14. e5 Ne8 15. Bf4
f5 16. h4 dxe5 17. dxe5 Rf7 18. Rd2 Na7 19. Qe3 c5 20. h5 gxh5 21. Nh4 Bc6 22.
Qe2 Rd7 23. Qxh5 Rxd2 24. Bxd2 Bxg2 25. Kxg2 Qc6+ 26. Kh2 b5 27. Qg6+ Kg8 28.
Ng2 Qd7 29. Bxh6 Nc6 30. Rd1 Qe7 31. Re1 bxc4 32. Nf4 Nd4 33. Kg2 Rxb2 34. Bxg7
Nxg7 35. Nh5 Qf7 36. Qg5 Qxh5 37. Qd8+ Qe8 38. Qf6 Qc6+ 0-1

[Event "4NCL 3 South pool A"]
[Site "Telford, ENG ENG"]
[Date "2015.11.15"]
[Round "2.70"]
[White "Cocks, Elliot"]
[Black "Guha, Chirag"]
[Result "1-0"]
[WhiteElo "1877"]
[BlackElo "1650"]
[PlyCount "73"]
[EventDate "2015.11.15"]

1. d4 d5 2. c4 c6 3. Nc3 Nf6 4. Nf3 e6 5. cxd5 exd5 6. Qc2 Nbd7 7. Bg5 Be7 8.
e3 O-O 9. Bd3 h6 10. Bh4 b6 11. O-O Bb7 12. Rfd1 Rc8 13. Rac1 c5 14. dxc5 bxc5
15. Qe2 Ne4 16. Bxe4 dxe4 17. Ne5 Bc6 18. Nxc6 Rxc6 19. Qb5 Rc7 20. Bxe7 Qxe7
21. Nd5 Qd8 22. Nxc7 Qxc7 23. Qxd7 Qb6 24. b3 Qa5 25. Qa4 Qb6 26. Qxe4 a5 27.
Qc4 Rc8 28. Rd5 Qf6 29. Rxc5 Rd8 30. Rc8 Rxc8 31. Qxc8+ Kh7 32. Qc3 Qe6 33.
Qxa5 Qf6 34. e4 g6 35. Qc5 Qb2 36. Qc4 Kg8 37. a4 1-0

[Event "4NCL 3 South pool A"]
[Site "Telford, ENG ENG"]
[Date "2015.11.15"]
[Round "2.75"]
[White "Rudd, Jack"]
[Black "Jones, Christopher M"]
[Result "1/2-1/2"]
[WhiteElo "2254"]
[BlackElo "2116"]
[PlyCount "78"]
[EventDate "2015.11.15"]

1. d4 d5 2. c4 e5 3. dxe5 d4 4. e4 Nc6 5. f4 g5 6. Nf3 Bb4+ 7. Kf2 gxf4 8. Bd3
Bg4 9. a3 Bxf3 10. gxf3 Qh4+ 11. Ke2 Bf8 12. Qe1 Qxe1+ 13. Rxe1 Bh6 14. b4 Nge7
15. Bb2 Rg8 16. Nd2 Rg2+ 17. Kd1 Nxe5 18. Re2 Nxd3 19. Rxg2 Nxb2+ 20. Kc2 Na4
21. Nb3 O-O-O 22. Rd1 Nc6 23. b5 Ne5 24. Rxd4 Nxf3 25. Rxd8+ Kxd8 26. Rg8+ Ke7
27. Rh8 Bg7 28. Rxh7 Kf8 29. Rh5 Nb6 30. Na5 Nd7 31. Nxb7 Nde5 32. Nc5 Nxc4 33.
Nd3 Ne3+ 34. Kc1 Nd4 35. Nxf4 Nb3+ 36. Kb1 Nd2+ 37. Kc1 Nb3+ 38. Kb1 Nd2+ 39.
Kc1 Nb3+ 1/2-1/2

[Event "4NCL 3 South pool A"]
[Site "Telford, ENG ENG"]
[Date "2015.11.15"]
[Round "2.76"]
[White "Piper, Stephen J"]
[Black "Edgell, Ben P"]
[Result "1/2-1/2"]
[WhiteElo "2031"]
[BlackElo "2124"]
[PlyCount "28"]
[EventDate "2015.11.15"]

1. c4 c5 2. Nc3 g6 3. g3 Bg7 4. Bg2 Nc6 5. d3 e6 6. e4 Nge7 7. Nge2 d6 8. O-O
O-O 9. Rb1 Rb8 10. a3 b6 11. b4 Bb7 12. Bf4 e5 13. Be3 Nd4 14. Qd2 f5 1/2-1/2